Detalles MARC
| 000 -LIDER |
| fixed length control field |
01548nam a2200301 a 4500 |
| 001 - NÚMERO DE CONTROL |
| Identificador de número de control |
0000419 |
| 003 - IDENTIFICACDOR DE NÚMERO DE CONTROL |
| control field |
DO-SdBNP |
| 005 - DATE AND TIME OF LATEST TRANSACTION |
| control field |
20180119154320.0 |
| 007 - CAMPOS FIJOS DE DESCRIPCIÓN FÍSICA |
| fixed length control field |
0000419 |
| 008 - ELEMENTOS DE LONGITUD FIJA |
| fixed length control field |
091125s1990 sp a 000 0 spa d |
| 020 ## - ISBN |
| International Standard Book Number |
8476556381 |
| 040 ## - FUENTE DE CATALOGACIÓN |
| Agencia que crea de manera original el registro |
BPMSU |
| Idioma de catalogación |
spa |
| Agencia que realiza la transcripción |
BPMSU |
| 100 ## - ASIENTO PRINCIPAL -- NOMBRE PERSONAL |
| Nombre personal |
Parker, Steve |
| 245 10 - MENCIÓN DE TITULO |
| Título |
Cómo es la tierra / |
| Mención de responsabilidad |
Steve Parker ; ilustraciones Giuliano Fornari, Luciano Corbella ; traducción Javier Gómez Rea |
| 250 ## - MENCIÓN DE EDICION |
| Mención de edición |
3a. ed. |
| 260 ## - PUBLICACIÓN, DISTRIBUCIÓN, ETC. (PIE DE IMPRENTA) |
| Lugar de publicación, distribución, etc |
[España] : |
| Nombre del editor, distribuidor, etc. |
Plaza joven, |
| Fecha de publicación, distribución, etc |
1990. |
| 300 ## - DESCRIPCIÓN FÍSICA |
| Extensión |
64 p. : |
| Otros detalles físicos |
il. ; |
| Dimensiones |
29 cm. |
| 490 1# - MENCIÓN DE SERIES |
| Mención de serie |
Ventana al mundo |
| 505 0# - NOTA DE CONTENIDO |
| Título |
El sorprendente paisaje terrestre -- |
| -- |
La tierra en el espacio -- |
| -- |
En el centro de la tierra -- |
| -- |
La tierra cambia -- |
| -- |
Formación de las montañas -- |
| -- |
El perfil oceánico -- |
| -- |
¡Terremoto! -- |
| -- |
Un paisaje explosivo -- |
| -- |
Rocas antiguas -- |
| -- |
El tiempo en las rocas -- |
| -- |
Conservado en piedra -- |
| -- |
El tiempo cambia -- |
| -- |
El agua da vueltas y más vueltas -- |
| -- |
La vida en el mundo -- |
| -- |
Nuevas tierras -- |
| -- |
Esculturas de la naturaleza -- |
| -- |
El mundo subterráneo -- |
| -- |
Paisaje helado -- |
| -- |
Mares, mareas y playas -- |
| -- |
Rocas vivas en el océano -- |
| -- |
Misterios de la tierra -- |
| -- |
Recursos naturales -- |
| -- |
El cofre del tesoro -- |
| -- |
La contaminación del planeta -- |
| -- |
Energía natural -- |
| -- |
Glosario -- |
| -- |
Índice de nombres -- |
| 700 1# - ASIENTO SECUNDARIO -- NOMBRE PERSONAL |
| Nombre personal |
Fornari, Giuliano |
| Mención de responsabilidad |
il. |
| 700 1# - ASIENTO SECUNDARIO -- NOMBRE PERSONAL |
| Nombre personal |
Corbella, Luciano |
| Mención de responsabilidad |
il. |
| 700 1# - ASIENTO SECUNDARIO -- NOMBRE PERSONAL |
| Nombre personal |
Gómez Rea, Javier |
| Mención de responsabilidad |
trad. |
| 830 #0 - ASIENTO SECUNDARIO DE SERIE--TÍTULO UNIFORME |
| Título uniforme |
Ventana al mundo |
| 910 ## - VALIDACIÓN |
| Validación |
|
| 942 ## - ADDED ENTRY ELEMENTS (KOHA) |
| Source of classification or shelving scheme |
Dewey Decimal Classification |
| Koha item type |
Libros |
| 945 ## - INFORMACIÓN DE PROCESAMIENTO LOCAL |
| Información de procesamiento local |
Inventariado, 2018 / YL |
| 956 ## - LOCAL ELECTRONIC LOCATION AND ACCESS (OCLC) |
| Nombre de host |
Yngrid Lockward |
| Número de acceso |
10 |
| Información de compresión |
BPMSU |